000 00696nam a2200193 4500
008 080613s2004 pau chi
020 _a1882324307 :NT250.00/225.00/Php351.00
090 _aBV2063/C47m
_b2004
_bc.3
100 1 _a莊祖鯤 Chuang, Tsu-Kung
245 1 0 _a宣教與文化 Mission and culture {ch} /
_c莊祖鯤 Tsu-Kung Chuang.
260 _aParadise, PA :
_b基督使者協會 Ambassadors for Christ Inc.,
_c2004,.
300 _a251 p.
650 4 _aChristianity and culture {ch}.
650 4 _aContextualization {ch}.
650 4 _aMissions
_xHistory {ch}.
951 _pC-9611
_x00038998
_oCHBV2063/C47m/2004/c.3
_j100303142908718
_d2000-12-21
999 _c34090
_d34090
942 0 0 _02